Fruticultura moderna; cultivo de frutales y arbustos frutales tomo i /
Guardado en:
| Autor Principal: | |
|---|---|
| Formato: | Libro |
| Publicado: |
Uruguay :
Hemisferio Sur,
1982
|
| Materias: | |
| Etiquetas: |
Agregar Etiqueta
Sin Etiquetas, Sea el primero en etiquetar este registro!
|
| LEADER | 00633nam a22002055a 4500 | ||
|---|---|---|---|
| 001 | CEM.cems016744 | ||
| 005 | 20100602160304.0 | ||
| 008 | 130507s1982##################000#0#####d | ||
| 003 | CEMS | ||
| 082 | 0 | 4 | |a 634 |
| 100 | 1 | |a Childers, Norman Franklin | |
| 245 | 1 | 0 | |a Fruticultura moderna; cultivo de frutales y arbustos frutales tomo i / |c Norman Franklin Childers, |
| 260 | |a Uruguay : |b Hemisferio Sur, |c 1982 | ||
| 300 | |a 457 p. | ||
| 653 | |a Frutales-cosecha | ||
| 653 | |a Yemas florales | ||
| 653 | |a Duraznero-cultivo | ||
| 653 | |a Manzano-poda | ||
| 653 | |a Frutales | ||
| 859 | |a CEMS |b BIB. CEMS - Agricultura |h 634 |i Ch956 |p A18215.95 |t Ej.1 |v I |3 I | ||
